000 00524nam a2200193Ia 4500
008 090124s9999 xx 000 0 und d
020 _a81-89724-10-x
082 _b46904
100 _aसरकार य़दुनाथ
245 _a औरंगजेब
250 _a1
260 _c2006
300 _a497+14
600 _aसरकार य़दुनाथ
630 _a औरंगजेब
700 _aसरकार य़दुनाथ
730 _a औरंगजेब
942 _cBOOK
999 _c113128
_d113128